[Event "ECU-chT U20"]
[Site "Carpuela"]
[Date "2014.05.06"]
[Round "7.5"]
[White "Asqui Arevalo, Juan Diego"]
[Black "Giler Quijano, Jhon Henry"]
[Result "1-0"]
[WhiteElo "1791"]
[BlackElo "1621"]
[PlyCount "75"]
[EventDate "2014.05.03"]
[EventType "team-swiss"]
[EventRounds "7"]
[EventCountry "ECU"]
[SourceTitle "CBM 160 Extra"]
[Source "ChessBase"]
[SourceDate "2014.07.01"]
[SourceVersion "1"]
[SourceVersionDate "2014.07.01"]
[SourceQuality "1"]
[WhiteTeam "Chimborazo"]
[BlackTeam "Manabi"]
[WhiteTeamCountry "ECU"]
[BlackTeamCountry "ECU"]

1. d4 c5 2. d5 Nf6 3. c4 d6 4. Nc3 g6 5. Bf4 Bg7 6. Nf3 0-0 7. e3 Nh5 8. Bg5 Bxc3+ 9. bxc3 f6 10. Bh6 Ng7 11. Bd3 Bg4 12. h3 Bxf3 13. gxf3 Nd7 14. f4 f5 15. Qc2 Qe8 16. Rg1 Rf7 17. Rg2 e5 18. 0-0-0 e4 19. Be2 Nf6 20. Rdg1 Kh8 21. h4 Ng4 22. Bxg7+ Rxg7 23. Bxg4 fxg4 24. Rxg4 h5 25. Rg5 Kh7 26. f5 Qe7 27. Qe2 Qf6 28. fxg6+ Kg8 29. Kc2 Rf8 30. R1g2 Qf3 31. Qxf3 exf3 32. R2g3 Rf6 33. Rxh5 Rfxg6 34. Rxg6 Rxg6 35. Rg5 Kf7 36. Rxg6 Kxg6 37. e4 Kh5 38. e5 1-0

[Event "ECU-chT U20"]
[Site "Carpuela"]
[Date "2014.05.05"]
[Round "6.5"]
[White "Giler Quijano, Jhon Henry"]
[Black "Lema Maldonado, Mao Israel"]
[Result "1/2-1/2"]
[WhiteElo "1621"]
[BlackElo "1646"]
[PlyCount "59"]
[EventDate "2014.05.03"]
[EventType "team-swiss"]
[EventRounds "7"]
[EventCountry "ECU"]
[SourceTitle "CBM 160 Extra"]
[Source "ChessBase"]
[SourceDate "2014.07.01"]
[SourceVersion "1"]
[SourceVersionDate "2014.07.01"]
[SourceQuality "1"]
[WhiteTeam "Manabi"]
[BlackTeam "Zamora Chimchipe"]
[WhiteTeamCountry "ECU"]
[BlackTeamCountry "ECU"]

1. d4 d5 2. Nf3 Bf5 3. e3 Nf6 4. c4 e6 5. Nc3 c5 6. Bd3 Bxd3 7. Qxd3 Nc6 8. cxd5 Nxd5 9. 0-0 cxd4 10. Nxd4 Nxd4 11. Qxd4 Nxc3 12. Qxc3 Rc8 13. Qb3 Qc7 14. Bd2 Qb8 15. Qb5+ Rc6 16. Rac1 a6 17. Qa4 Qc8 18. Rxc6 Qxc6 19. Qxc6+ bxc6 20. Rc1 Kd7 21. Kf1 Bd6 22. f4 Rb8 23. b3 Rb5 24. g4 Rd5 25. Ke2 h5 26. g5 e5 27. Rc4 exf4 28. exf4 a5 29. Bc3 g6 30. Kf3 1/2-1/2

[Event "ECU-chT U20"]
[Site "Carpuela"]
[Date "2014.05.03"]
[Round "1.5"]
[White "Giler Quijano, Jhon Henry"]
[Black "Oleas Vanegas, Mateo Andres"]
[Result "0-1"]
[WhiteElo "1621"]
[BlackElo "1525"]
[PlyCount "94"]
[EventDate "2014.05.03"]
[EventType "team-swiss"]
[EventRounds "7"]
[EventCountry "ECU"]
[SourceTitle "CBM 160 Extra"]
[Source "ChessBase"]
[SourceDate "2014.07.01"]
[SourceVersion "1"]
[SourceVersionDate "2014.07.01"]
[SourceQuality "1"]
[WhiteTeam "Manabi"]
[BlackTeam "Pichincha"]
[WhiteTeamCountry "ECU"]
[BlackTeamCountry "ECU"]

1. d4 Nf6 2. Bf4 c5 3. e3 b6 4. Nf3 Bb7 5. Be2 g6 6. 0-0 Bg7 7. c3 0-0 8. Nbd2 d6 9. h3 Nbd7 10. Ne1 a6 11. Bf3 Bxf3 12. Ndxf3 b5 13. Nc2 Qb6 14. Re1 Rfd8 15. e4 h6 16. Qe2 b4 17. cxb4 cxd4 18. Qd2 Rac8 19. Rac1 Kh7 20. e5 dxe5 21. Nxe5 Nxe5 22. Bxe5 d3 23. Na3 Rxc1 24. Rxc1 Ne4 25. Qf4 Nxf2 26. Qxf2 Qxf2+ 27. Kxf2 Bxe5 28. Nc4 Bf4 29. Rd1 Rc8 30. b3 Rd8 31. Nb2 d2 32. Nc4 Rd4 33. g3 Bg5 34. h4 Bf6 35. Rxd2 Rxd2+ 36. Nxd2 Bc3 37. Ne4 Bxb4 38. Kf3 f5 39. Nf2 e5 40. g4 Be1 41. gxf5 gxf5 42. Nd1 Bxh4 43. Ne3 e4+ 44. Kg2 f4 45. Nd5 f3+ 46. Kf1 Bg5 47. Nc7 e3 0-1